Mercado de capitales (Registro nro. 588)
[ vista simple ]
| 000 -LEADER | |
|---|---|
| fixed length control field | 01488 a2200241 4500 |
| 001 - CONTROL NUMBER | |
| control field | 14631 |
| 005 - DATE AND TIME OF LATEST TRANSACTION | |
| control field | 20260407155448.0 |
| 008 - FIXED-LENGTH DATA ELEMENTS--GENERAL INFORMATION | |
| fixed length control field | 260407a2011 arg spa d |
| 003 - CONTROL NUMBER IDENTIFIER | |
| control field | AR-UNSa-BCEJYS |
| 040 ## - CATALOGING SOURCE | |
| Original cataloging agency | AR-UNSa-BCEJYS |
| Language of cataloging | spa |
| Transcribing agency | AR-UNSa-BCEJYS |
| 080 ## - UNIVERSAL DECIMAL CLASSIFICATION NUMBER | |
| Universal Decimal Classification number | 336.76 |
| Common auxiliary subdivision | Bolsa. Mercado del dinero. Mercado del capital |
| 020 ## - INTERNATIONAL STANDARD BOOK NUMBER | |
| International Standard Book Number | 978-950-9445-82-6 |
| 100 1# - MAIN ENTRY--PERSONAL NAME | |
| Personal name | Fanelli, José María |
| 245 10 - TITLE STATEMENT | |
| Title | Mercado de capitales |
| Name of part/section of a work | manual para no especialistas |
| 250 ## - EDITION STATEMENT | |
| Edition statement | 3a. ed. |
| 264 #1 - PRODUCTION, PUBLICATION, DISTRIBUTION, MANUFACTURE, AND COPYRIGHT NOTICE | |
| Place of production, publication, distribution, manufacture | Buenos Aires : |
| Name of producer, publisher, distributor, manufacturer | Temas Grupo Editorial |
| Date of production, publication, distribution, manufacture, or copyright notice | 2011 |
| 300 ## - PHYSICAL DESCRIPTION | |
| Extent | xii, 261 p. |
| Dimensions | 23 cm. |
| 505 ## - FORMATTED CONTENTS NOTE | |
| Formatted contents note | 1. La economía real y el mercado de capitales - 2. Comenzar a invertir - 3. Instituciones del mercado de capitales argentino - 4. Participantes complementarios del mercado de capitales argentino - 5. Valores negociables I. Primeros conceptos - 6. Valores negociables II. Principales características - 7. Las operaciones bursátiles - 8. El financiamiento empresario a través del mercado de capitales - 9. Indices del mercado de acciones - 10. Principales bolsas y mercados internacionales - 11. Instituciones de los mercados internacionales - 12. Análisis de acciones - 13. Análisis de bonos - 14. Los indicadores económicos y el mercado de capitales - 15. Derivados financieros |
| 590 ## - LOCAL NOTE (RLIN) | |
| Local note | niveau_biblio:m niveau_hierar:0 |
| 700 1# - ADDED ENTRY--PERSONAL NAME | |
| Personal name | Erpen, Mónica |
| 856 41 - ELECTRONIC LOCATION AND ACCESS | |
| Uniform Resource Identifier | <a href="https://biblioeco.unsa.edu.ar/pmb/images/libros/Mercado de capitales-l118943.jpg">https://biblioeco.unsa.edu.ar/pmb/images/libros/Mercado de capitales-l118943.jpg</a> |
| Link text | Imagen de portada |
| Electronic format type | image/jpeg |
| 942 ## - ADDED ENTRY ELEMENTS (KOHA) | |
| Koha item type | |
| Withdrawn status | Lost status | Damaged status | Not for loan | Home library | Current library | Shelving location | Date acquired | Total checkouts | Full call number | Barcode | Date last seen | Price effective from | Koha item type | Public note |
|---|---|---|---|---|---|---|---|---|---|---|---|---|---|---|
| Biblioteca Prof. Eusebio Cleto del Rey | Biblioteca Prof. Eusebio Cleto del Rey | 07/04/2026 | 336.76 E65 3ed. | L118943 | 07/04/2026 | 07/04/2026 | Libro | CANTO CON MANCHA - UN POCO HÚMEDO EN CANTO SUPERIOR |